00343nam a2200121Ia 4500008004100000020002200041082001900063245002300082250000700105260002100112300001400133650007400147120629s9999 xx 000 0 und d a978-970-811-139-3 a343.7204 F528f aFisco nominas 2008 a28 aMéxico : ISEF  aIrregular a1. IMPUESTO-LEGISLACION-MEXICO \ 2. SALARIOS-MEXICO \ 3. IMPUESTOSÌ